000 00545nam a2200181Ia 4500
008 240729s9999 xx 000 0 und d
022 _a2093-7504
245 0 _aInternational Journal of Contents
260 _aKorea, Republic of
260 _bKorea Contents Associaition
650 _a Industrial engineering. Management engineering
650 _a Information technology
650 _a Technology (General)
650 _aTechnology
856 _uhttps://doaj.org/toc/fab3d665e2c04f9f960d8bae5015b225
942 _2ddc
942 _cDOAJEJ
999 _c66047
_d66047
945 _a1
_bMadushi Gamage
_c1
_dMadushi Gamage